Applications of Control Theory to Economic Analysis / Contributions to Economic (Record no. 5290)
[ view plain ]
| 000 -LEADER | |
|---|---|
| fixed length control field | 01254cam a22002174a 4500 |
| 005 - ΗΜΕΡΟΜΗΝΙΑ ΚΑΙ ΩΡΑ ΤΕΛΕΥΤΑΙΑΣ ΕΝΗΜΕΡΩΣΗΣ | |
| Πεδίο ελέγχου | 20250605164208.0 |
| 008 - FIXED-LENGTH DATA ELEMENTS--GENERAL INFORMATION | |
| Πεδίο ελέγχου σταθερού μήκους | 250528s ||||||||||||||||||||||||d |
| 035 ## - SYSTEM CONTROL NUMBER | |
| System control number | 20151 |
| 020 ## - ISBN | |
| ISBN | 72040455 |
| 040 ## - ΠΗΓΗ ΚΑΤΑΛΟΓΟΓΡΑΦΗΣΗΣ | |
| Φορέας πρωτότυπης καταλογογράφησης | MC Athens Campus Library |
| Γλώσσα καταλογογράφησης | Ελληνικά, Μοντέρνα (1453-) |
| Modifying agency | MC Athens Campus Library |
| Κανόνες περιγραφικής καταλογογράφησης | AACR2 |
| 245 1# - ΤΙΤΛΟΣ ΚΑΙ ΔΗΛΩΣΗ ΥΠΕΥΘΥΝΟΤΗΤΑΣ | |
| Τίτλος | Applications of Control Theory to Economic Analysis / Contributions to Economic |
| 250 ## - EDITION STATEMENT | |
| Edition statement | 1st |
| 260 ## - PUBLICATION, DISTRIBUTION, ETC. | |
| Name of publisher, distributor, etc. | North Holland Publishing Company, |
| Date of publication, distribution, etc. | 1977 |
| 300 ## - PHYSICAL DESCRIPTION | |
| Extent | 366 |
| 520 ## - SUMMARY, ETC. | |
| Summary, etc. | Preface, Non-Linear Models - Introduction, Optimal Control Theorems, Resource Depletion with Possible Non-Convexities in Production, Otimal Exploitation and Replenishment of a Natural Resource, The Adjustment Cost Problem with Jumps in the State Variable, Two State Variable Problems, Linear Stablilisation Models, Policy Objectives and Instrument Requirements for a Dynamic Theory of Policy, Existence and Uniqueness and Stability of Linear Optimal Stabilisation Policies, Optimal Control of Linear Systems with Stochastic Coefficients and Additive Disturbances, On the Scope of Optimal and Discretionary Policies in the Stabilisation of Stochastic linear Systems. |
| 700 1# - ΠΡΟΣΘΕΤΗ ΑΝΑΓΡΑΦΗ--ΦΥΣΙΚΟ ΠΡΟΣΩΠΟ | |
| Personal name | Pitchford John D |
| 9 (RLIN) | 6200 |
| 700 1# - ΠΡΟΣΘΕΤΗ ΑΝΑΓΡΑΦΗ--ΦΥΣΙΚΟ ΠΡΟΣΩΠΟ | |
| Personal name | Turnovsky Stephen J |
| 9 (RLIN) | 6201 |
| 942 ## - ADDED ENTRY ELEMENTS (KOHA) | |
| Koha item type | Books |
| Τύπος τεκμηρίου | Βιβλιοθήκη | Τρέχουσα τοποθεσία | Barcode | Αριθμός εισαγωγής | Ημερομηνία απόκτησης | Ταξιθετικό σύμβολο | Αριθμός αντιτύπου | Κατάσταση απόσυρσης | Κατάσταση χαμένου | Κατάσταση κατεστραμμένου | Μη δανεισμός | Σύνολο δανεισμών | Ημερομηνία τελευταίας εμφάνισης | Η τιμή ισχύει από |
|---|---|---|---|---|---|---|---|---|---|---|---|---|---|---|
| Books | MC Athens Campus Library | MC Athens Campus Library | 9780000052896 | 6386 | 05/06/2025 | 330/.01/51 PIT | 1 | 05/06/2025 | 05/06/2025 |